000
00308nam a2200133Ia 4500
008
191201s2008 xx 000 0 und d
082
_a
658.3
_b
RAH
100
_a
RAO, V S P
245
0
_a
Human Resource Management text
260
_a
-
_b
Excel Books
_c
2008
300
_a
709
650
_a
MBA
942
_2
ddc
_c
BK
999
_c
3482
_d
3482